[Event "OHS 2018"]
[Site "?"]
[Date "2018.01.29"]
[Round "1.1"]
[White "Gregoritsch, Dirk"]
[Black "Quast, Marcel"]
[Result "1/2-1/2"]
[WhiteElo "1725"]
[BlackElo "2203"]
[PlyCount "54"]
[EventDate "2018.??.??"]
[WhiteTeam "SC Doppelbauer Brambauer"]
[BlackTeam "SC Gerthe 46 - Werne"]

1. Nf3 f5 2. g3 Nf6 3. Bg2 g6 4. d4 Bg7 5. O-O O-O 6. c4 d6 7. Nc3 Qe8 8. Bg5
c6 9. Qc1 e5 10. Bh6 e4 11. Ne1 Be6 12. Bxg7 Kxg7 13. b3 a6 14. f3 d5 15. c5
Nbd7 16. Nc2 h6 17. b4 b5 18. a4 g5 19. axb5 axb5 20. Rxa8 Qxa8 21. f4 Kg6 22.
Qd2 Nh5 23. Ra1 Qb7 24. e3 Ra8 25. Qe1 Ndf6 26. Ra5 Ra6 27. Qa1 Bc8 1/2-1/2

[Event "OHS 2018"]
[Site "?"]
[Date "2018.01.29"]
[Round "1.2"]
[White "Hahn, Matthias"]
[Black "Ponto, Michael"]
[Result "1-0"]
[WhiteElo "2065"]
[BlackElo "1666"]
[PlyCount "51"]
[EventDate "2018.??.??"]
[WhiteTeam "SV Bochum-Linden-Dahlh"]
[BlackTeam "SV Horst-Emscher 31"]

1. d4 d5 2. c4 c6 3. Nf3 Nf6 4. Qb3 dxc4 5. Qxc4 Qd5 6. Qa4 b5 7. Qd1 e6 8. Nc3
Bb4 9. e3 Ne4 10. Qc2 O-O 11. Bd3 f5 12. O-O Nxc3 13. bxc3 Be7 14. e4 fxe4 15.
Bxe4 Qh5 16. Ne5 Bd6 17. f4 Bxe5 18. dxe5 g6 19. Rf3 Qh4 20. Ba3 Rf7 21. Rd1
Rd7 22. Bd6 Bb7 23. Rh3 Qg4 24. Rg3 Qh5 25. Qb3 Kf7 26. Rh3 1-0

[Event "OHS 2018"]
[Site "?"]
[Date "2018.01.29"]
[Round "1.3"]
[White "Demond, Ricardo"]
[Black "Gasper, Jörn"]
[Result "1/2-1/2"]
[WhiteElo "1655"]
[BlackElo "2013"]
[PlyCount "79"]
[EventDate "2018.??.??"]
[WhiteTeam "SC Buer-Hassel 1919 e.V."]
[BlackTeam "SV Waltrop 1922 e.V."]

1. e4 e5 2. Nf3 Nc6 3. d4 exd4 4. Nxd4 Bb4+ 5. c3 Bc5 6. Be3 Bb6 7. Nd2 Nf6 8.
Bd3 O-O 9. Nc4 Re8 10. Nxb6 axb6 11. Nxc6 bxc6 12. Qc2 d5 13. exd5 Qxd5 14. O-O
Rxa2 15. Rad1 Qh5 16. Bf4 Nd5 17. Bg3 Ra8 18. Be4 Bg4 19. Rde1 Rac8 20. Bxd5
Qxd5 21. Bxc7 b5 22. Bf4 c5 23. f3 Bf5 24. Qd2 Qxd2 25. Bxd2 Bd3 26. Rxe8+ Rxe8
27. Re1 Rxe1+ 28. Bxe1 c4 29. Bf2 f5 30. f4 Kf7 31. Bd4 Ke6 32. Bxg7 Kd5 33.
Kf2 Ke4 34. g3 Bb1 35. Ke2 Bd3+ 36. Kf2 Bb1 37. h3 h5 38. Ke2 Bc2 39. h4 Bb3
40. Bd4 1/2-1/2

[Event "OHS 2018"]
[Site "?"]
[Date "2018.01.29"]
[Round "1.4"]
[White "Finke, Dominik"]
[Black "Rath, Michael"]
[Result "1-0"]
[WhiteElo "1997"]
[BlackElo "1647"]
[PlyCount "55"]
[EventDate "2018.??.??"]
[WhiteTeam "SG Bochum 1931"]
[BlackTeam "SV Königsspringer Halt"]

1. e4 e6 2. d4 b6 3. Bd3 Bb7 4. Qe2 Nf6 5. Nf3 Be7 6. O-O d6 7. c4 Nbd7 8. Nc3
O-O 9. a3 h6 10. b4 c5 11. Bb2 Rc8 12. dxc5 dxc5 13. b5 Qc7 14. Nd2 Ne5 15. Bc2
Rfd8 16. Rad1 Rd7 17. f4 Ng6 18. e5 Nh7 19. g3 Rcd8 20. h4 Nhf8 21. Nce4 Bxh4
22. gxh4 Nxh4 23. Nd6 Nfg6 24. N2e4 Nf5 25. Nxf5 Rxd1 26. Nxh6+ gxh6 27. Nf6+
Kg7 28. Bxd1 1-0

[Event "OHS 2018"]
[Site "?"]
[Date "2018.01.29"]
[Round "1.6"]
[White "Wolff, Christoph"]
[Black "Boxberg, Marc"]
[Result "1-0"]
[WhiteElo "1948"]
[BlackElo "1634"]
[PlyCount "62"]
[EventDate "2018.??.??"]
[WhiteTeam "SC Buer-Hassel 1919 e.V."]
[BlackTeam "SVigung Marten-Bövingh"]

1. e4 e6 2. d4 d5 3. Nc3 Bb4 4. Bd2 dxe4 5. Qg4 Nf6 6. Qxg7 Rg8 7. Qh6 Qxd4 8.
O-O-O Bf8 9. Qh4 Rg4 10. Qh3 Qxf2 11. Be2 Rh4 12. Qxh4 Qxh4 13. g3 e3 14. gxh4
exd2+ 15. Kb1 Bh6 16. Nf3 a6 17. Ng5 Nbd7 18. Rxd2 b5 19. Bf3 Rb8 20. Rhd1 Bb7
21. Bxb7 Rxb7 22. Rd3 Rb8 23. Nxh7 Nxh7 24. Rxd7 Bf4 25. Ne4 Bxh2 26. R7d2 Be5
27. Nc5 Ra8 28. Rg2 Nf6 29. Re1 Bd6 30. Ne4 Nxe4 31. Rg8+ Ke7 1-0

[Event "OHS 2018"]
[Site "?"]
[Date "2018.01.29"]
[Round "1.7"]
[White "Hoffmann, Gary"]
[Black "Friedrich, Patrick"]
[Result "1/2-1/2"]
[WhiteElo "1574"]
[BlackElo "1940"]
[PlyCount "107"]
[EventDate "2018.??.??"]
[WhiteTeam "SG Höntrop 1947"]
[BlackTeam "SC Weiße Dame Borbeck 25"]

1. e4 c5 2. d3 Nc6 3. Nf3 g6 4. Be3 Bg7 5. c3 d6 6. Be2 Nf6 7. h3 O-O 8. O-O c4
9. d4 Nxe4 10. Bxc4 d5 11. Bd3 Nd6 12. Nbd2 Bf5 13. Be2 Qd7 14. Nh4 Be6 15. Nb3
b6 16. Nd2 a6 17. Bd3 Rfc8 18. Qe2 Qb7 19. Rac1 Na5 20. b3 b5 21. b4 Nac4 22.
Nxc4 Nxc4 23. Bxc4 Rxc4 24. Bd2 Qd7 25. f4 Bf5 26. Nf3 f6 27. Rfe1 Be4 28. Kh2
Kf7 29. g3 h5 30. h4 Rac8 31. a3 R8c6 32. Qf2 e6 33. Qe2 Qc7 34. Qe3 Qd6 35.
Qf2 Rc8 36. Qe3 R4c6 37. Qf2 Qd8 38. Qe3 Bf8 39. Ra1 Ra8 40. Rec1 Rc4 41. Re1
Qb6 42. Qf2 Rc7 43. Qe3 Qc6 44. Kg1 Qc4 45. Kf2 Rac8 46. Qe2 Qb3 47. Qd1 Qb2
48. Qc1 Qb3 49. Qd1 Bc2 50. Qe2 Rc6 51. Rec1 Ra8 52. Be1 Bf5 53. Nd2 Qb2 54.
Nf3 1/2-1/2

[Event "OHS 2018"]
[Site "?"]
[Date "2018.01.29"]
[Round "1.8"]
[White "Kükenbrink, Christopher"]
[Black "Bleich, Karl-Heinz"]
[Result "1-0"]
[WhiteElo "1897"]
[BlackElo "1560"]
[PlyCount "73"]
[EventDate "2018.??.??"]
[WhiteTeam "SV Günnigfeld 1922 e.V"]
[BlackTeam "SV Springer Recklinghausen-Süd 1"]

1. Nf3 Nf6 2. c4 d6 3. d4 g6 4. g3 Bg7 5. Bg2 O-O 6. O-O Nbd7 7. Nc3 c6 8. e4
e5 9. h3 Ne8 10. Bg5 f6 11. Be3 Rf7 12. c5 Nf8 13. dxe5 fxe5 14. Ng5 Rf6 15.
Qb3+ Ne6 16. Rad1 Bf8 17. f4 Kg7 18. fxe5 Rxf1+ 19. Rxf1 Nxg5 20. Bxg5 Qxg5 21.
Qf7+ Kh6 22. Qxf8+ Ng7 23. Rf7 Qxe5 24. cxd6 Be6 25. Qxa8 Bxf7 26. Qf8 Qd4+ 27.
Kh2 Be6 28. h4 Qd2 29. Ne2 Bg4 30. Nf4 Qxb2 31. Qe7 Nh5 32. Qg5+ Kg7 33. Qxg4
Nxf4 34. Qxf4 Qxa2 35. Qe5+ Kh6 36. d7 Qd2 37. Qg5+ 1-0

[Event "OHS 2018"]
[Site "?"]
[Date "2018.01.29"]
[Round "1.9"]
[White "Bacaksiz, Bilal"]
[Black "Czarnik, Jozef"]
[Result "0-1"]
[WhiteElo "1515"]
[BlackElo "1892"]
[PlyCount "54"]
[EventDate "2018.??.??"]
[WhiteTeam "SF Springer Bochum 19"]
[BlackTeam "SV Königsspringer Halt"]

1. d4 d5 2. Bf4 Bf5 3. e3 e6 4. Nd2 Bd6 5. Bg3 Nf6 6. c4 O-O 7. Qb3 b6 8. Ngf3
Nc6 9. Be2 Ne4 10. cxd5 Na5 11. Qd1 Nxg3 12. hxg3 exd5 13. Nh4 Be4 14. Kf1 Qf6
15. Bf3 Rfe8 16. Be2 Bxg3 17. Nhf3 Bd6 18. Nxe4 dxe4 19. Nd2 c5 20. dxc5 Bxc5
21. Bb5 Re7 22. Qh5 h6 23. Qd5 Rb8 24. Nxe4 Qxb2 25. Rd1 Qxb5+ 26. Kg1 Re6 27.
g4 Qc4 0-1

[Event "OHS 2018"]
[Site "?"]
[Date "2018.01.29"]
[Round "1.10"]
[White "Zettl, Thomas"]
[Black "Krolik, Wilfried"]
[Result "1-0"]
[WhiteElo "1889"]
[BlackElo "1500"]
[PlyCount "70"]
[EventDate "2018.??.??"]
[WhiteTeam "SF Moers e.V."]
[BlackTeam "SV Waltrop 1922 e.V."]

1. c4 e5 2. Nc3 Nf6 3. g3 d5 4. cxd5 Nxd5 5. Bg2 c6 6. Nxd5 cxd5 7. Qb3 e4 8.
d3 Nc6 9. dxe4 Bb4+ 10. Kf1 d4 11. Nf3 Be6 12. Qd3 Rc8 13. Ng5 Bd7 14. f4 Be7
15. Bd2 h6 16. Nf3 Bg4 17. h3 Bxf3 18. Bxf3 g5 19. Qb3 Rc7 20. Rc1 gxf4 21.
gxf4 Rg8 22. Rg1 Rxg1+ 23. Kxg1 Qd6 24. Qd5 Qg6+ 25. Kh2 Rd7 26. Qb3 Bd8 27.
Rg1 Qh7 28. Bg4 Re7 29. Bf5 Qh8 30. Qd5 Rc7 31. Bg4 Ne7 32. Qb5+ Nc6 33. e5 Be7
34. e6 Qf6 35. exf7+ Qxf7 1-0

[Event "OHS 2018"]
[Site "?"]
[Date "2018.01.29"]
[Round "1.11"]
[White "Lojack, Rouven"]
[Black "Schmidt, Ralph"]
[Result "1/2-1/2"]
[WhiteElo "1476"]
[BlackElo "1869"]
[PlyCount "33"]
[EventDate "2018.??.??"]
[WhiteTeam "SV Königsspringer Halt"]
[BlackTeam "SV Bochum-Linden-Dahlh"]

1. e4 e5 2. Nf3 Nc6 3. Bb5 Bc5 4. c3 f5 5. Bxc6 dxc6 6. d4 fxe4 7. Bg5 Nf6 8.
Nxe5 Bd6 9. Qb3 Qe7 10. Nc4 Qe6 11. Nxd6+ cxd6 12. Qxe6+ Bxe6 13. Nd2 d5 14. f3
exf3 15. Nxf3 Ne4 16. O-O Bg4 17. Ne5 1/2-1/2

[Event "OHS 2018"]
[Site "?"]
[Date "2018.01.29"]
[Round "1.12"]
[White "Müller-Kreth, Kai"]
[Black "Illner, Jan"]
[Result "1/2-1/2"]
[WhiteElo "1816"]
[BlackElo "1473"]
[PlyCount "82"]
[EventDate "2018.??.??"]
[WhiteTeam "SK Sodingen/Castrop 24/23 e.V."]
[BlackTeam "SG Bochum 1931"]

1. d4 d5 2. c4 c6 3. cxd5 cxd5 4. Nf3 g6 5. Bf4 Bg7 6. e3 Qa5+ 7. Nc3 Nf6 8.
Qb3 O-O 9. h3 a6 10. Be2 b5 11. O-O Bb7 12. Rfc1 Nbd7 13. a3 Qb6 14. Rc2 Rfc8
15. Rac1 e6 16. Ne5 Bf8 17. Bf3 Nxe5 18. Bxe5 Nd7 19. Bf4 Bc6 20. g4 Qb7 21.
Be2 Nb6 22. Na2 Nc4 23. Nb4 Bd7 24. Nd3 Na5 25. Qa2 Rxc2 26. Rxc2 Rc8 27. Nc5
Qa7 28. b4 Nc4 29. a4 bxa4 30. Bxc4 dxc4 31. Nxd7 Qxd7 32. Rxc4 Rxc4 33. Qxc4
Qb5 34. Qc8 Qxb4 35. Qxa6 a3 36. Qa8 Kg7 37. d5 exd5 38. Qxd5 Qb1+ 39. Kg2 a2
40. Qd4+ Kg8 41. Be5 h6 1/2-1/2

[Event "OHS 2018"]
[Site "?"]
[Date "2018.01.29"]
[Round "1.13"]
[White "Jaruschowitz, Roman"]
[Black "Funke, Eckhard"]
[Result "0-1"]
[WhiteElo "1383"]
[BlackElo "1764"]
[PlyCount "126"]
[EventDate "2018.??.??"]
[WhiteTeam "SK Sodingen/Castrop 24/23 e.V."]
[BlackTeam "SV Günnigfeld 1922 e.V"]

1. e4 c5 2. Nf3 d6 3. Bc4 Nf6 4. d3 e6 5. O-O Be7 6. a3 O-O 7. Nc3 a6 8. Rb1 b5
9. Ba2 Bb7 10. Re1 Qc7 11. Bd2 Nbd7 12. b4 Rfc8 13. Bb3 Ng4 14. h3 Nge5 15.
Nxe5 Nxe5 16. bxc5 Qxc5 17. a4 b4 18. Ne2 Ng6 19. Be3 Qc7 20. Bd2 a5 21. Be3 d5
22. exd5 Bxd5 23. Rc1 Bb7 24. Nd4 Bf6 25. Nxe6 Qc6 26. Qg4 h5 27. Qe4 Qd7 28.
Qf5 Ne7 29. Qxh5 fxe6 30. Bh6 Bd5 31. Bxd5 Qxd5 32. Qg4 Qf5 33. Qxf5 exf5 34.
Bf4 Nd5 35. Bd2 Bc3 36. Bxc3 Nxc3 37. Ra1 Re8 38. Kf1 Rxe1+ 39. Kxe1 Re8+ 40.
Kf1 Kf7 41. f4 Kf6 42. g4 fxg4 43. hxg4 Re2 44. Rc1 Rh2 45. Kg1 Rh4 46. Re1
Rxg4+ 47. Kh2 Rxf4 48. Kg3 Rf5 49. Re8 Kg5 50. Rc8 Nxa4 51. Rc4 g6 52. Rc6 Rc5
53. Ra6 Nc3 54. Kf3 Kh5 55. Ra8 Rf5+ 56. Kg2 Kg4 57. Rc8 g5 58. Rc4+ Rf4 59.
Rc5 a4 60. Ra5 a3 61. Ra8 a2 62. Ra5 b3 63. cxb3 Ra4 0-1

[Event "OHS 2018"]
[Site "?"]
[Date "2018.01.29"]
[Round "1.14"]
[White "Koch, Burkhard"]
[Black "Buchhop, Rainer"]
[Result "1-0"]
[WhiteElo "1752"]
[BlackElo "1317"]
[PlyCount "51"]
[EventDate "2018.??.??"]
[WhiteTeam "SG Höntrop 1947"]
[BlackTeam "SV Unser Fritz Wanne-E"]

1. e4 c5 2. Nc3 Nc6 3. f4 e6 4. Nf3 d5 5. Bb5 d4 6. Ne2 Nge7 7. d3 a6 8. Bxc6+
Nxc6 9. O-O Be7 10. Ng3 O-O 11. Ne5 Qc7 12. Nh5 f5 13. Qe2 Nxe5 14. fxe5 g5 15.
h4 Qxe5 16. hxg5 Qc7 17. e5 Bd7 18. Bf4 Be8 19. Kf2 Bxh5 20. Qxh5 Rf7 21. g6
Rg7 22. Rh1 Bd8 23. gxh7+ Rxh7 24. Qe8+ Kg7 25. Rxh7+ Kxh7 26. Rh1+ 1-0

[Event "OHS 2018"]
[Site "?"]
[Date "2018.02.05"]
[Round "2.1"]
[White "Czarnik, Jozef"]
[Black "Hahn, Matthias"]
[Result "0-1"]
[WhiteElo "1892"]
[BlackElo "2065"]
[PlyCount "68"]
[EventDate "2018.??.??"]
[WhiteTeam "SV Königsspringer Halt"]
[BlackTeam "SV Bochum-Linden-Dahlh"]

1. e4 e5 2. Nf3 Nc6 3. Bb5 a6 4. Bxc6 dxc6 5. O-O Bg4 6. h3 h5 7. d3 Qf6 8. Be3
Bxf3 9. Qxf3 Qxf3 10. gxf3 Bd6 11. Nd2 Ne7 12. d4 exd4 13. Bxd4 O-O-O 14. Nb3
f6 15. Rfd1 Ng6 16. Kf1 Nf4 17. h4 Rhf8 18. Be3 Ne6 19. c3 Rde8 20. Nd4 g6 21.
Bh6 Rf7 22. Nxe6 Rxe6 23. Rd3 Re8 24. Rad1 Rg8 25. Ke2 g5 26. Rg1 Bf4 27. hxg5
fxg5 28. Rh1 h4 29. Rdd1 Rh8 30. Bxg5 Bxg5 31. Rh3 Rd7 32. Rhh1 Rxd1 33. Rxd1
h3 34. Rh1 Bf4 0-1

[Event "OHS 2018"]
[Site "?"]
[Date "2018.02.05"]
[Round "2.2"]
[White "Zettl, Thomas"]
[Black "Finke, Dominik"]
[Result "0-1"]
[WhiteElo "1889"]
[BlackElo "1997"]
[PlyCount "80"]
[EventDate "2018.??.??"]
[WhiteTeam "SF Moers e.V."]
[BlackTeam "SG Bochum 1931"]

1. c4 e5 2. Nc3 Bb4 3. e4 Bxc3 4. bxc3 Nf6 5. d3 d6 6. Be2 Nbd7 7. f4 exf4 8.
Bxf4 Nf8 9. Nf3 Ng6 10. Qd2 Nxf4 11. Qxf4 O-O 12. Nd4 c6 13. O-O Qe7 14. Bf3
Qe5 15. Ne2 Re8 16. Rab1 Re7 17. Qh4 Be6 18. h3 Rae8 19. g4 h6 20. Rb2 Nh7 21.
Qf2 b6 22. Qd4 Ng5 23. Bg2 Bc8 24. Nf4 Ne6 25. Nxe6 Bxe6 26. Rbf2 c5 27. Qxe5
dxe5 28. Rb1 Rd8 29. Bf1 Red7 30. Kg2 f6 31. Kf3 Rxd3+ 32. Bxd3 Rxd3+ 33. Kg2
Rxc3 34. Rb3 Rxc4 35. Ra3 a5 36. Rb2 Rb4 37. Rxb4 cxb4 38. Rd3 Bxa2 39. Rd1 b5
40. Rd8+ Kh7 0-1

[Event "OHS 2018"]
[Site "?"]
[Date "2018.02.05"]
[Round "2.3"]
[White "Eckert, Marius"]
[Black "Koch, Burkhard"]
[Result "1-0"]
[WhiteElo "1979"]
[BlackElo "1752"]
[PlyCount "43"]
[EventDate "2018.??.??"]
[WhiteTeam "SV Waltrop 1922 e.V."]
[BlackTeam "SG Höntrop 1947"]

1. d4 d5 2. Bf4 Nf6 3. e3 e6 4. Nf3 Bd6 5. Bg3 O-O 6. Nbd2 c5 7. c3 Nc6 8. Bd3
b6 9. e4 Be7 10. e5 Nd7 11. a3 f6 12. h4 f5 13. Bf4 Qe8 14. h5 Nd8 15. Qe2 a6
16. Qe3 Nf7 17. Ke2 Qd8 18. Rag1 Kh8 19. g4 Nh6 20. Bxh6 gxh6 21. Qxh6 Rg8 22.
gxf5 1-0

[Event "OHS 2018"]
[Site "?"]
[Date "2018.02.05"]
[Round "2.4"]
[White "Funke, Eckhard"]
[Black "Wolff, Christoph"]
[Result "0-1"]
[WhiteElo "1764"]
[BlackElo "1948"]
[PlyCount "79"]
[EventDate "2018.??.??"]
[WhiteTeam "SV Günnigfeld 1922 e.V"]
[BlackTeam "SC Buer-Hassel 1919 e.V."]

1. d4 Nf6 2. c4 g6 3. Nc3 d5 4. e3 Bg7 5. Nf3 O-O 6. cxd5 Nxd5 7. Qb3 Nb6 8.
Be2 Be6 9. Qc2 Nc6 10. a3 Na5 11. b4 Nb3 12. Rb1 Nxc1 13. Rxc1 c6 14. O-O Bf5
15. Bd3 Bxd3 16. Qxd3 e5 17. Rfd1 exd4 18. Nxd4 Qe7 19. Qc2 Rad8 20. Nce2 Rfe8
21. h3 Rd5 22. Nf3 a5 23. Rxd5 Nxd5 24. b5 cxb5 25. Qd2 Nxe3 26. Qxe3 Qxe3 27.
fxe3 Rxe3 28. Ned4 Rxa3 29. Nxb5 Rb3 30. Rc8+ Bf8 31. Nfd4 Rb1+ 32. Kf2 Kg7 33.
Nc3 Rb2+ 34. Nde2 b5 35. Kf3 b4 36. Na4 Ra2 37. Nc5 a4 38. Nd7 Bd6 39. Rc6 Be7
40. Nd4 0-1

[Event "OHS 2018"]
[Site "?"]
[Date "2018.02.05"]
[Round "2.5"]
[White "Kümmel, Hans-Jürgen"]
[Black "Kükenbrink, Christopher"]
[Result "0-1"]
[WhiteElo "1278"]
[BlackElo "1897"]
[PlyCount "42"]
[EventDate "2018.??.??"]
[WhiteTeam "SV Günnigfeld 1922 e.V"]
[BlackTeam "SV Günnigfeld 1922 e.V"]

1. d4 Nf6 2. Nf3 e6 3. e3 d5 4. Bd3 c5 5. c3 Nbd7 6. Nbd2 Bd6 7. b3 O-O 8. Bb2
Qe7 9. O-O Rd8 10. Re1 Nf8 11. e4 dxe4 12. Nxe4 Ng6 13. Nxd6 Qxd6 14. Bc2 Qc7
15. Bxg6 hxg6 16. Qe2 b6 17. Rad1 Bb7 18. c4 Ne4 19. dxc5 Qxc5 20. Rxd8+ Rxd8
21. Rd1 Rxd1+ 0-1

[Event "OHS 2018"]
[Site "?"]
[Date "2018.02.05"]
[Round "2.6"]
[White "Quast, Marcel"]
[Black "Müller-Kreth, Kai"]
[Result "1-0"]
[WhiteElo "2203"]
[BlackElo "1816"]
[PlyCount "75"]
[EventDate "2018.??.??"]
[WhiteTeam "SC Gerthe 46 - Werne"]
[BlackTeam "SK Sodingen/Castrop 24/23 e.V."]

1. e4 e6 2. d4 d5 3. Nd2 c5 4. Ngf3 cxd4 5. exd5 exd5 6. Nb3 Nf6 7. Nbxd4 Be7
8. Bd3 O-O 9. h3 Nc6 10. c3 Re8 11. O-O a6 12. Re1 h6 13. Bf4 Bd6 14. Rxe8+
Nxe8 15. Bxd6 Nxd6 16. Qe2 Bd7 17. Nxc6 Bxc6 18. Nd4 Qe8 19. Re1 Qxe2 20. Rxe2
Kf8 21. f4 g6 22. g4 a5 23. Kf2 Re8 24. Rxe8+ Bxe8 25. b4 b6 26. Ke3 Ke7 27. h4
Bd7 28. g5 h5 29. a3 axb4 30. cxb4 Be8 31. f5 gxf5 32. Nxf5+ Nxf5+ 33. Bxf5 Kd6
34. Kd4 b5 35. Bh3 Bc6 36. Bg2 Bb7 37. Bf3 Ke6 38. Bxh5 1-0

[Event "OHS 2018"]
[Site "?"]
[Date "2018.02.05"]
[Round "2.7"]
[White "Gasper, Jörn"]
[Black "Hoffmann, Gary"]
[Result "1-0"]
[WhiteElo "2013"]
[BlackElo "1574"]
[PlyCount "67"]
[EventDate "2018.??.??"]
[WhiteTeam "SV Waltrop 1922 e.V."]
[BlackTeam "SG Höntrop 1947"]

1. e4 e6 2. d4 d5 3. Nd2 c5 4. Ngf3 Nc6 5. exd5 exd5 6. Bb5 a6 7. Bxc6+ bxc6 8.
O-O Nf6 9. Re1+ Be6 10. dxc5 Bxc5 11. Nb3 Ne4 12. Nxc5 Nxc5 13. Qd4 Nd7 14.
Qxg7 Qf6 15. Qxf6 Nxf6 16. Nd4 Kd7 17. f3 Rhg8 18. Nxe6 fxe6 19. b3 Rg6 20. Bb2
Ng8 21. Re2 Ne7 22. Rc1 Rag8 23. c4 Nf5 24. cxd5 exd5 25. g3 Rc8 26. Rce1 Rcg8
27. Kf1 h5 28. Re5 Nxg3+ 29. hxg3 Rxg3 30. Bd4 Rxf3+ 31. Ke2 Rh3 32. Kd2 Rg2+
33. Kc1 Rd3 34. Re7+ 1-0

[Event "OHS 2018"]
[Site "?"]
[Date "2018.02.05"]
[Round "2.8"]
[White "Friedrich, Patrick"]
[Black "Lojack, Rouven"]
[Result "1-0"]
[WhiteElo "1940"]
[BlackElo "1476"]
[PlyCount "47"]
[EventDate "2018.??.??"]
[WhiteTeam "SC Weiße Dame Borbeck 25"]
[BlackTeam "SV Königsspringer Halt"]

1. d4 Nf6 2. c4 e6 3. g3 Bb4+ 4. Bd2 c5 5. Nf3 O-O 6. Bg2 d5 7. O-O Nc6 8. cxd5
exd5 9. Bf4 c4 10. Qc2 Ne4 11. Rd1 Bf5 12. Nh4 Nxf2 13. Nxf5 Nxd1 14. Qxd1 Qf6
15. Bh3 Rfe8 16. Nc3 Rad8 17. Qd2 h6 18. Rd1 Re4 19. Nxe4 dxe4 20. Qc2 Nxd4 21.
Nxd4 Rxd4 22. Rf1 Qc6 23. Be3 Rd8 24. Bg2 1-0

[Event "OHS 2018"]
[Site "?"]
[Date "2018.02.05"]
[Round "2.9"]
[White "Schmidt, Ralph"]
[Black "Demond, Ricardo"]
[Result "1/2-1/2"]
[WhiteElo "1869"]
[BlackElo "1655"]
[PlyCount "130"]
[EventDate "2018.??.??"]
[WhiteTeam "SV Bochum-Linden-Dahlh"]
[BlackTeam "SC Buer-Hassel 1919 e.V."]

1. e4 e5 2. Nf3 d6 3. Bc4 Bg4 4. d3 Nf6 5. Nbd2 Be7 6. c3 Nc6 7. h3 Bh5 8. a3
O-O 9. Nf1 d5 10. exd5 Nxd5 11. Ng3 Bg6 12. O-O a6 13. Re1 Nb6 14. Bb3 Qxd3 15.
Qxd3 Bxd3 16. Nxe5 Nxe5 17. Rxe5 Bf6 18. Re1 Rfe8 19. Bf4 c6 20. Nh5 Be7 21.
Re3 Bg6 22. Rae1 Bxh5 23. Rxe7 Rxe7 24. Rxe7 Nd5 25. Bxd5 cxd5 26. Rxb7 Be2 27.
f3 Rd8 28. Kf2 Bd3 29. h4 f6 30. Ke3 Bf1 31. g3 Kf8 32. b3 Re8+ 33. Kf2 Bd3 34.
Be3 Rc8 35. Ke1 Rd8 36. Bc5+ Kg8 37. Kd2 Bf1 38. Re7 Bg2 39. Ke3 Bf1 40. Kd4 h6
41. Rb7 Be2 42. f4 Re8 43. Rd7 Bf3 44. Be7 Kf7 45. Bb4+ Kg8 46. Kc5 Re3 47. Kb6
Re6+ 48. Bd6 Be2 49. Rd8+ Kf7 50. f5 Re8 51. Rd7+ Kg8 52. Kc5 Re3 53. Kxd5 Rxc3
54. Rd8+ Kh7 55. Ke6 Rxb3 56. Rd7 Re3+ 57. Kd5 Re8 58. Be7 Kg8 59. Ra7 Bd3 60.
Ke6 Bc4+ 61. Kd6 Bd3 62. a4 Bc2 63. Rxa6 Bxf5 64. a5 Kf7 65. Ra7 Kg6 1/2-1/2

[Event "OHS 2018"]
[Site "?"]
[Date "2018.02.05"]
[Round "2.10"]
[White "Illner, Jan"]
[Black "Gregoritsch, Dirk"]
[Result "1/2-1/2"]
[WhiteElo "1473"]
[BlackElo "1725"]
[PlyCount "27"]
[EventDate "2018.??.??"]
[WhiteTeam "SG Bochum 1931"]
[BlackTeam "SC Doppelbauer Brambauer"]

1. e4 c5 2. Nc3 e6 3. Nf3 a6 4. d4 cxd4 5. Nxd4 Qc7 6. g3 b5 7. Bg2 Bb7 8. O-O
Nf6 9. a3 Nc6 10. Re1 Nxd4 11. Qxd4 Bc5 12. Qd3 Ng4 13. Nd1 O-O 14. Ne3 1/2-1/2

[Event "OHS 2018"]
[Site "?"]
[Date "2018.02.05"]
[Round "2.11"]
[White "Ponto, Michael"]
[Black "Bleich, Karl-Heinz"]
[Result "1-0"]
[WhiteElo "1666"]
[BlackElo "1560"]
[PlyCount "79"]
[EventDate "2018.??.??"]
[WhiteTeam "SV Horst-Emscher 31"]
[BlackTeam "SV Springer Recklinghausen-Süd 1"]

1. c4 Nf6 2. Nc3 d6 3. e4 e5 4. Nf3 Be7 5. Be2 O-O 6. O-O Nc6 7. d4 exd4 8.
Nxd4 Bd7 9. Be3 a6 10. f4 h6 11. f5 Ne5 12. Qd2 Kh7 13. Rae1 Ng8 14. Nd5 Bg5
15. Bxg5 hxg5 16. Nf3 f6 17. Nxe5 dxe5 18. Qe3 Nh6 19. Rd1 Rc8 20. Bh5 Rh8 21.
Bg6+ Kg8 22. Qc5 b6 23. Qa3 c5 24. Nxb6 Rc7 25. Qd3 Qe7 26. Nxd7 Rc8 27. Qd5+
Nf7 28. Qe6 Qxe6 29. fxe6 Nh6 30. e7 Ng4 31. Rfe1 Nxh2 32. e8=Q+ Rxe8 33. Bxe8
Rh6 34. Nxc5 Ng4 35. Rd8 Kh7 36. Ne6 Rh4 37. Rd7 Nh6 38. Rxg7+ Kh8 39. Bg6 Ng4
40. Rd1 1-0

[Event "OHS 2018"]
[Site "?"]
[Date "2018.02.05"]
[Round "2.13"]
[White "Krolik, Wilfried"]
[Black "Gausmann, Thomas"]
[Result "1-0"]
[WhiteElo "1500"]
[BlackElo "1643"]
[PlyCount "69"]
[EventDate "2018.??.??"]
[WhiteTeam "SV Waltrop 1922 e.V."]
[BlackTeam "SG Bochum 1931"]

1. e4 e5 2. Nf3 Nc6 3. Bc4 Bc5 4. c3 Nf6 5. d3 d6 6. Bb3 Bg4 7. Nbd2 O-O 8. O-O
Ne7 9. Re1 Ng6 10. h3 Be6 11. Nf1 Qc8 12. Ng5 Bxb3 13. axb3 h6 14. Nf3 Qe6 15.
Ng3 Rad8 16. b4 Bb6 17. d4 exd4 18. cxd4 d5 19. e5 Nd7 20. Qd3 Rfe8 21. Bd2 c6
22. Nf5 Rb8 23. g4 a6 24. g5 h5 25. Kh2 Bc7 26. N3h4 Ne7 27. Nxe7+ Rxe7 28. f4
Ree8 29. f5 Qe7 30. Kh1 f6 31. gxf6 gxf6 32. Rg1+ Kh7 33. Qe3 Qf8 34. Ng6 Qg7
35. Qf3 1-0

[Event "OHS 2018"]
[Site "?"]
[Date "2018.02.05"]
[Round "2.14"]
[White "Buchhop, Rainer"]
[Black "Hoffmann, Klaus"]
[Result "0-1"]
[WhiteElo "1317"]
[BlackElo "1636"]
[PlyCount "54"]
[EventDate "2018.??.??"]
[WhiteTeam "SV Unser Fritz Wanne-E"]
[BlackTeam "SG Höntrop 1947"]

1. Nf3 Nc6 2. g3 e5 3. d3 Bc5 4. Nxe5 Bxf2+ 5. Kxf2 Nxe5 6. Bg2 c6 7. Rf1 d5 8.
Kg1 Ne7 9. d4 Qb6 10. c3 O-O 11. Nd2 f5 12. Kh1 Ng4 13. Nf3 Ng6 14. h3 Nf6 15.
Nd2 Nh5 16. Qe1 Qc7 17. Rf3 f4 18. Nf1 Bd7 19. g4 Nf6 20. Nd2 Rae8 21. b3 Ne4
22. Nxe4 dxe4 23. Bxf4 Nxf4 24. Rf1 Nxg2 25. Rxf8+ Rxf8 26. Kxg2 e3 27. Qg3
Rf2+ 0-1

[Event "OHS 2018"]
[Site "?"]
[Date "2018.02.05"]
[Round "2.15"]
[White "Boxberg, Marc"]
[Black "Jaruschowitz, Roman"]
[Result "1-0"]
[WhiteElo "1634"]
[BlackElo "1383"]
[PlyCount "121"]
[EventDate "2018.??.??"]
[WhiteTeam "SVigung Marten-Bövingh"]
[BlackTeam "SK Sodingen/Castrop 24/23 e.V."]

1. e4 e5 2. Nf3 Nc6 3. Bc4 Bc5 4. d3 a6 5. O-O d6 6. Nc3 Na5 7. Bb3 h6 8. Be3
Nxb3 9. axb3 Bxe3 10. fxe3 Nf6 11. d4 Qe7 12. dxe5 dxe5 13. Nd5 Nxd5 14. exd5
Bg4 15. Qe1 f6 16. Nh4 Qf7 17. Qb4 Bc8 18. c4 b6 19. e4 a5 20. Qe1 Bd7 21. b4
O-O 22. bxa5 bxa5 23. Rxa5 Rfb8 24. b4 Qe7 25. Rxa8 Rxa8 26. Qd2 Ra4 27. c5 Bb5
28. Rb1 Qd7 29. Nf5 Kh7 30. d6 c6 31. Qd1 Ra7 32. Ne7 Qe6 33. Qh5 Rxe7 34. dxe7
Qxe7 35. Ra1 Qd7 36. Qf5+ Qxf5 37. exf5 h5 38. h3 Kh6 39. Ra2 Kg5 40. Rf2 h4
41. Kh2 Bd3 42. g4 hxg3+ 43. Kxg3 Bxf5 44. b5 cxb5 45. c6 Bc8 46. Rb2 Ba6 47.
c7 f5 48. Rxb5 f4+ 49. Kf3 Kf5 50. Rb8 e4+ 51. Kf2 g5 52. Rb5+ Ke6 53. Rb6+ Kd7
54. Rxa6 Kxc7 55. Rg6 Kd7 56. Rxg5 Ke6 57. h4 Kf6 58. Ke2 Ke6 59. h5 Kf6 60.
Rg6+ Kf7 61. Rg4 1-0

[Event "OHS 2018"]
[Site "?"]
[Date "2018.02.19"]
[Round "3.1"]
[White "Hahn, Matthias"]
[Black "Eckert, Marius"]
[Result "1/2-1/2"]
[WhiteElo "2065"]
[BlackElo "1979"]
[PlyCount "86"]
[EventDate "2018.??.??"]
[WhiteTeam "SV Bochum-Linden-Dahlh"]
[BlackTeam "SV Waltrop 1922 e.V."]

1. d4 d5 2. c4 c6 3. Nf3 Nf6 4. Nbd2 Bf5 5. Nh4 Be6 6. e3 g5 7. Nhf3 Rg8 8. Bd3
dxc4 9. Nxc4 Bxc4 10. Bxc4 e6 11. Qc2 Nbd7 12. Bd2 Qc7 13. O-O-O O-O-O 14. Kb1
g4 15. Ng1 Nb6 16. Bb3 Nbd5 17. Ne2 Nb4 18. Bxb4 Bxb4 19. Nf4 Kb8 20. Nd3 Bd6
21. g3 h5 22. h3 h4 23. hxg4 hxg3 24. f3 Nd5 25. Qe2 Rh8 26. f4 g2 27. Rhg1 Rh3
28. Bxd5 exd5 29. Ne1 Re8 30. Nxg2 Bxf4 31. Nxf4 Qxf4 32. Qf1 Qe4+ 33. Ka1 Rxe3
34. Qxf7 Re2 35. g5 Qe3 36. a3 Rf2 37. Qh5 Ref8 38. g6 Qb3 39. Rb1 Rxb2 40.
Rxb2 Qxa3+ 41. Kb1 Qd3+ 42. Ka1 Qa3+ 43. Kb1 Qd3+ 1/2-1/2